European Territory in Africa - Statistics

General Stats
  • This quiz has been taken 76 times
  • The average score is 5 of 8
Answer Stats
Hint Answer % Correct
Plazas de Soberanía
88%
Spain Canary Islands
78%
Reunion
71%
Portugal Azores
68%
Madeira
68%
France Mayotte
58%
Saint Helena, Ascension, and Tristan da Cunha
47%
U.K British Indian Ocean Territory
34%
No matching quizzes found
Score Distribution
Percent of People with Each Score
Percentile by Number Answered
Your Score History
You have not taken this quiz